| 000 | 00907nam a2200229 a 4500 | ||
|---|---|---|---|
| 003 | 0 | ||
| 005 | 20250310162643.0 | ||
| 008 | 080827s19uu xx 00 eng d | ||
| 050 |
_aPGS BL 640 _b.G216 2008 |
||
| 100 | _aGarcia, Chiara Grace L. | ||
| 245 |
_aReligious tolerance of Filipino and Korean middle school students in SISC / _cChiara Grace L. Garcia. |
||
| 260 |
_aLLas PiƱas City, Philippines : _bSouthville International School and Colleges, _c2008. |
||
| 300 |
_a36 pages : _billustrations ; _c28 cm. |
||
| 504 | _aIncludes bibliographical references. | ||
| 650 |
_aReligious tolerance _vPhilippines. |
||
| 650 |
_aReligious tolerance _vKorea (South). |
||
| 650 |
_aMulticultural education _vReligious aspects. |
||
| 650 |
_aReligion in schools _vPhilippines. |
||
| 650 |
_aFilipino students _vReligious life. |
||
| 650 |
_aKorean students _vReligious life. |
||
| 942 |
_2lcc _cPASS |
||
| 999 |
_c98039 _d98039 |
||